| 000 | 00556cas a2200193u 4500 | ||
|---|---|---|---|
| 001 | 10715964 | ||
| 003 | BD-DhUL | ||
| 005 | 20170606152811.0 | ||
| 008 | 880816u ii u 0 0 0eng | ||
| 010 | _a 76907149 | ||
| 040 |
_aBD-DhUL _cBD-DhUL _dBD-DhUL _bBD-DhUL |
||
| 050 | 0 | 0 |
_aZ955 _b.M1418 |
| 110 | 2 |
_aMaydhya Pradesh, India, Legialature. _bLegislative Assembly. [from old catalog] |
|
| 245 | 1 | 0 | _aCatalogue of English books / |
| 260 |
_aRajnandgaon, _bGovt. Regional Press. |
||
| 300 |
_av. _c25 cm. |
||
| 310 | _aAnnual | ||
| 942 |
_2ddc _cREF |
||
| 999 |
_c204179 _d204179 |
||